[Event "Belgrade Winter op"]
[Site "Belgrade"]
[Date "2008.01.29"]
[Round "8"]
[White "Jakovljevic, Zivota"]
[Black "Dzunic, Vladimir"]
[Result "1-0"]
[WhiteElo "2138"]
[BlackElo "2049"]
[PlyCount "133"]
[EventDate "2008.01.22"]
[EventType "swiss"]
[EventRounds "9"]
[EventCountry "YUG"]
[SourceTitle "CBM 122 Extra"]
[Source "ChessBase"]
[SourceDate "2008.03.04"]
[SourceVersion "1"]
[SourceVersionDate "2008.03.04"]
[SourceQuality "1"]

1. d4 d5 2. c4 dxc4 3. Nc3 e6 4. e4 Nf6 5. Bxc4 c5 6. d5 exd5 7. exd5 Bd6 8. Nf3 0-0 9. 0-0 a6 10. a4 Bg4 11. h3 Bh5 12. Bg5 Re8 13. Be2 Nbd7 14. Re1 Qa5 15. Qd2 Qc7 16. g4 Bg6 17. Bf1 h6 18. Be3 Ne4 19. Nxe4 Bxe4 20. Bg2 Nf6 21. Nh4 Bh2+ 22. Kh1 Rad8 23. Rac1 Rxd5 24. Qc3 Be5 25. Qa3 Bxg2+ 26. Kxg2 c4 27. Nf5 Kh8 28. Kg1 Bh2+ 29. Kh1 Rdd8 30. Qb4 Rc8 31. Bd4 Be5 32. Bxe5 Rxe5 33. Rxe5 Qxe5 34. Qxb7 Rc7 35. Qxa6 Qd5+ 36. Kg1 Kh7 37. Qd6 Qa5 38. Qf8 Nh5 39. Ne7 Nf6 40. Nf5 Nh5 41. Ne7 Nf6 42. Nf5 Nh5 43. Rd1 Qe5 44. Qd6 Qxd6 45. Nxd6 Nf4 46. Rd2 c3 47. bxc3 Rxc3 48. Ra2 Nxh3+ 49. Kg2 Nf4+ 50. Kh2 Rh3+ 51. Kg1 Rd3 52. Nf5 g6 53. Ne3 Rd6 54. a5 Ra6 55. Nc4 h5 56. gxh5 gxh5 57. Rb2 Rg6+ 58. Kh1 Nd3 59. Re2 Nb4 60. Rb2 Nd3 61. Rd2 Ne1 62. Rd6 Rg4 63. Ne3 Rg5 64. Rd5 Nf3 65. Rxg5 Nxg5 66. a6 Ne6 67. Nd5 1-0

[Event "Belgrade Winter op"]
[Site "Belgrade"]
[Date "2008.01.24"]
[Round "3"]
[White "Bojovic, Dusan"]
[Black "Dzunic, Vladimir"]
[Result "1-0"]
[WhiteElo "2230"]
[BlackElo "2049"]
[PlyCount "47"]
[EventDate "2008.01.22"]
[EventType "swiss"]
[EventRounds "9"]
[EventCountry "YUG"]
[SourceTitle "CBM 122 Extra"]
[Source "ChessBase"]
[SourceDate "2008.03.04"]
[SourceVersion "1"]
[SourceVersionDate "2008.03.04"]
[SourceQuality "1"]

1. e4 e5 2. Nf3 d6 3. d4 exd4 4. Nxd4 Nf6 5. Nc3 Be7 6. Be2 0-0 7. 0-0 c6 8. Be3 Nbd7 9. f4 Re8 10. Bf3 Qc7 11. g4 Bf8 12. g5 Nd5 13. exd5 Rxe3 14. dxc6 Nb6 15. Ncb5 Qe7 16. cxb7 Bxb7 17. Nf5 Qe6 18. Nbd4 Bxf3 19. Rxf3 Re1+ 20. Qxe1 Qd5 21. Qh4 g6 22. Rh3 h5 23. gxh6 gxf5 24. Qf6 1-0